| 000 | 00547nam a2200181 i 4500 | ||
|---|---|---|---|
| 001 | 114740 | ||
| 003 | ES-MaACL | ||
| 005 | 20230906190235.0 | ||
| 007 | t| | ||
| 008 | 070322s1909 fr ||||1| fre d | ||
| 100 | 1 |
_aRetinger, Joseph. _996365 |
|
| 245 | 1 | 3 |
_aLe conte fantastique dans le romantisme français / _cJoseph H. Retinger. |
| 260 |
_aParis : _bBernard Grasset, _c1909. |
||
| 300 |
_a147 p. ; _c19 cm. |
||
| 650 | 1 | 4 |
_aCuento francés- _yS.XIX- _xHistoria y crítica. _911475 |
| 852 |
_aES-MaACL _jG-8212 |
||
| 852 |
_aES-MaACL _jF-12770 |
||
| 999 |
_c114740 _d114740 |
||